Gods and Goddesses of Greek mythology - Statistics

General Stats
  • This quiz has been taken 741 times
  • The average score is 18 of 21
Answer Stats
Hint Answer % Correct
King of Gods, god of lightning and the sky Zeus
99%
Goddess of love and beauty Aphrodite
98%
Goddess of wisdom Athena
98%
God of the Underworld Hades
98%
Queen of the gods, goddess of marriage Hera
98%
God of war Ares
97%
God of travelers, roads, thieves, and merchants. Messenger of the gods Hermes
95%
God of the sea and horses Poseidon
95%
God of music, the sun, prophecy, medicine, archery, and poetry Apollo
94%
God of Wine Dionysus
92%
Goddess of the wilderness, hunt, and wild animals Artemis
91%
Goddess of agriculture Demeter
91%
God of blacksmiths and forges Hephaestus
86%
Goddess of springtime and flowers, daughter of Demeter Persephone
85%
Goddess of the hearth Hestia
84%
Greek Goddess of victory Nike
78%
Goddess of Rainbows Iris
75%
Goddess/Titan of magic Hecate
61%
Goddess of revenge Nemesis
60%
Goddess of Youth Hebe
46%
God of dreams and sleep Morpheus
46%
No matching quizzes found
Score Distribution
Percent of People with Each Score
Percentile by Number Answered
Your Score History
You have not taken this quiz